000 00807nam a2200253Ia 4500
003 OSt
005 20220923222835.0
006 a|||||r|||| 00| 0
007 ta
008 220922b |||||||| |||| 00| 0 hin d
024 _a208,382
037 _cTextual
040 _aARTS
_cARTS
_bhin
041 _2hin
_ahin
082 _aO157,3M61x, 152N3
100 _aठाकुर, रवीनद्रनाथ
_9156365
245 0 _aधन का मोह
246 _aDhan kā moha
260 _aदिल्ली
_b आधुनिक प्रका0
_c1993
300 _a71पृ.
_ccm.
650 _aहिन्दी साहित्य
_9156264
942 _hO157,3M61x, 152N3
_cTEXL
_2CC
999 _c358978
_d358978